000 00756nam a2200229Ia 4500
003 OSt
005 20230714115124.0
008 210716s2015 xx 000 0 und d
040 _cAIMIT LIBRARY
041 _aeng
082 _a338.9
_21
_bLEKR
100 _aLekhi, R K.
_9126935
245 _aEconomics of development and planning /
_cBy R K Lekhi and Joginder singh.
250 _a1st ed.
260 _aNew Delhi :
_bKalyani Publishers ,
_c2015.
300 _a120.I;177.II,264.VIIp. ;
_bPB
_c24 cm.
650 _aBasic conceptrs of economic development
_9126936
650 _aGeneral theories of economic development
_9126937
650 _aModels of economic growth
_9126938
700 _aSingh, Jogin.
_9126939
942 _2ddc
_cBK
_e1st
_k338.9 LEKR
999 _c210158
_d210158